[Event "Berlin Lichtenrade op 13th"]
[Site "Berlin"]
[Date "2017.10.28"]
[Round "1"]
[White "Stipic, Nicola"]
[Black "Chan, Kim Yew"]
[Result "0-1"]
[WhiteElo "1960"]
[BlackElo "2185"]
[PlyCount "88"]
[EventDate "2017.10.28"]
[EventType "swiss"]
[EventRounds "9"]
[EventCountry "GER"]
[SourceTitle "CBM 181 Extra"]
[Source "ChessBase"]
[SourceDate "2017.12.12"]
[SourceVersion "1"]
[SourceVersionDate "2017.12.12"]
[SourceQuality "1"]

1. e4 c5 2. Nf3 Nc6 3. d4 cxd4 4. Nxd4 g6 5. Nxc6 bxc6 6. Qd4 Nf6 7. e5 Nd5 8. e6 f6 9. c4 Nc7 10. exd7+ Bxd7 11. Be2 e5 12. Qh4 Bg7 13. Nc3 0-0 14. Be3 Ne6 15. Rd1 f5 16. Qxd8 Rfxd8 17. 0-0 c5 18. Nd5 Nd4 19. Bd3 e4 20. Bb1 Be6 21. a3 Kh8 22. Ba2 Rab8 23. b4 Bxd5 24. cxd5 Ne2+ 25. Kh1 cxb4 26. axb4 Nc3 27. Rd2 Rxb4 28. Bg5 Rd7 29. Rc1 h6 30. Be3 g5 31. g3 Kh7 32. d6 Nxa2 33. Rxa2 Rxd6 34. Rxa7 Kg6 35. h3 Bd4 36. Bxd4 Rbxd4 37. Rac7 Rd2 38. Kg2 Kf6 39. Kf1 f4 40. Re1 e3 41. fxe3 fxg3 42. Kg1 Rh2 43. Rec1 Kf5 44. Rf1+ Kg6 0-1